000 01338nam a22002777a 4500
005 20110214110156.0
008 090211t xxu||||| |||| 00| 0 hin d
010 _aHIN-92041
020 _c225.00
_a9788181500984
035 _aHN-64387
037 _bDBAD / PUB
040 _aDPL
_bHN
082 _a363.6
100 _925892
_aविश्नोई, ओमराज सिंह
245 _aपुलिस व्यवस्था तथा सकारात्मक सोच /
_cओमराज सिहँ विश्नोई
246 _aPolice vevastha tatha sakaratamak soch
_bby Omraj singh vishnoi
260 _aनई दिल्ली
_bअरावली बुक्स इंटरनेशनल
_c2010
270 _aडब्ल्यु 30, ओखला इंडस्ट्रियल एरिया,फेज-2
_bनई दिल्ली
_e110020
_k26388830-32, 26389736-38
_l26388829
300 _a237पृ.
_c22सेमी (अजिल्द)
600 _926585
650 _91169
650 _925893
700 _925894
942 _2ddc
_cHN
_h363.6
_mविश्नोई
999 _c51055
_d51055